प्रेरक लधुकथाएँ (Record no. 361614)

MARC details
000 -LEADER
fixed length control field 00573nam a2200181 4500
005 - DATE & TIME
control field 20250107161928.0
008 - FIXED-LENGTH DATA ELEMENTS--GENERAL INFORMATION
fixed length control field 250107b |||||||| |||| 00| 0 eng d
020 ## - ISBN
International Standard Book Number 9789389625172
Price रु 450.00
040 ## - CATALOGING SOURCE
Original cataloging agency VIVEKANANDA LIBRARY
082 ## - DDC NUMBER
Classification number 891.43301741
Book Number MK264P
100 ## - MAIN ENTRY--PERSONAL NAME
Relator code मघुकांत
245 ## - TITLE STATEMENT
Title प्रेरक लधुकथाएँ
260 ## - PUBLICATION, DISTRIBUTION, ETC. (IMPRINT)
Place of publication, distribution, etc दिल्ली
Name of publisher, distributor, etc मोनिका प्रकाशन
Date of publication, distribution, etc 2020
300 ## - PHYSICAL DESCRIPTION
Pages 159
650 ## - Subject
Subject हिन्दी साहित्य
-- कहानी-संग्रह
942 ## - ADDED ENTRY ELEMENTS (KOHA)
Koha item type Hindi Books
Holdings
Withdrawn status Lost status Source of classification or shelving scheme Damaged status Not for loan Location (home branch) Sublocation or collection (holding branch) Date acquired Koha issues (times borrowed) Koha full call number Accession No. Koha date last seen Koha item type
    Dewey Decimal Classification     VIVEKANANDA LIBRARY VIVEKANANDA LIBRARY 07/01/2025 1 891.43301741 MK264P 314444 27/10/2025 Hindi Books
© Designed and Maintained by Vivekananda Library, MDU Rohtak